Normal view
MARC view
- Alcott, Louisa May,
Entry Personal Name
001 - CONTROL NUMBER
- control field: 86033
003 - CONTROL NUMBER IDENTIFIER
- control field: OSt
005 - DATE AND TIME OF LATEST TRANSACTION
- control field: 20250210114309.0
008 - FIXED-LENGTH DATA ELEMENTS
- fixed length control field: 250210|| aca||aabn | a|a d
040 ## - CATALOGING SOURCE
- Original cataloging agency: OSt
- Transcribing agency: OSt
100 ## - HEADING--PERSONAL NAME
- Personal name: Alcott, Louisa May,
- Dates associated with a name: 1832-1888.
- Title of a work: Little women
670 ## - SOURCE DATA FOUND
- Source citation: Work cat.: (OSt)48394: McFadden, Deanna, author. 86031, Little women :, 2005.